| 000 | 00516pab a2200157 454500 | ||
|---|---|---|---|
| 008 | 180718b2004 xxu||||| |||| 00| 0 eng d | ||
| 100 | _aFrates, Janice | ||
| 245 | _aHealth and human service delivery to limited English proficient and immigrant communities: policy management, and educational issues | ||
| 260 | _c2004 | ||
| 300 | _ap.1-13. | ||
| 650 | _aImmigrants | ||
| 650 | _aHealth services | ||
| 700 | _aSaint-Germain, Michelle | ||
| 773 | _aInternational Journal of Public Administration | ||
| 909 | _a61369 | ||
| 999 |
_c61369 _d61369 |
||